Students' Guide to Income Tax including GST (Record no. 620294)

MARC details
000 -LEADER
fixed length control field 00613nam a22002057a 4500
008 - FIXED-LENGTH DATA ELEMENTS--GENERAL INFORMATION
fixed length control field 260428b |||||||| |||| 00| 0 eng d
020 ## - INTERNATIONAL STANDARD BOOK NUMBER
ISBN 9789386882707
Paper back/Hardbound pbk
041 ## - LANGUAGE CODE
Language code of text/sound track or separate title eng
082 ## - DEWEY DECIMAL CLASSIFICATION NUMBER
Classification number 343.54052 VID
100 ## - MAIN ENTRY--AUTHOR NAME
Personal name K.Singhania,Vinod
245 ## - TITLE STATEMENT
Title Students' Guide to Income Tax including GST
Statement of responsibility, etc /Dr. Vinod K. Singhania
250 ## - EDITION STATEMENT
Edition statement 58th ed.
260 ## - PUBLICATION, DISTRIBUTION, ETC. (IMPRINT)
Place of publication New Delhi
Name of publisher Taxmann Publications (p.) Ltd.
Year of publication 2017
300 ## - PHYSICAL DESCRIPTION
Number of Pages 858p. :
Dimensions 27cm.
500 ## - GENERAL NOTE
General note Assesment Year 2018-19
650 ## - SUBJECT ADDED ENTRY--TOPICAL TERM
Topical Term Military, tax, trade & industrial law
700 ## - ADDED ENTRY--PERSONAL NAME
Personal name Singhania,Monica
942 ## - ADDED ENTRY ELEMENTS (KOHA)
Koha item type English Books
Holdings
Withdrawn status Lost status Damaged status Not for loan Home library Current library Shelving location Date acquired Full call number Accession Number Price effective from Koha item type
        Anna Centenary Library Anna Centenary Library 4TH FLOOR, A WING 07.04.2018 343.54052 VID 600505 28.04.2026 English Books

Find us on the map